| 000 | 00400 a2200169 4500 | ||
|---|---|---|---|
| 001 | 185529 | ||
| 020 | _a85-349-0026-4 | ||
| 040 | _cMagnum | ||
| 100 | _aCorrente, Ana | ||
| 240 | 1 | 0 |
_aEra uma vez o sol, era uma vez a lua... _lpor |
| 245 | 1 | 0 | _aEra uma vez o sol, era uma vez a lua... |
| 300 | _a | ||
| 362 | 0 | _a1993 | |
| 440 | 1 | _aPaulus | |
| 697 | _aLITERATURA INFANTO-JUVENIL | ||
| 942 | _cBK | ||
| 999 |
_c185529 _d185529 |
||